000 00500nam a2200193Ia 4500
003 0100
008 130227s9999 xx 000 0 und d
040 _cARRUPELIB
050 _aB2430.T373S823
100 _aTeilhard De Chardin, Pierre
245 _aOn happiness
260 _aLondon
260 _bCollins
260 _C1973
300 _a93p.
300 _b 15cm.
650 _bCriticism-Italy-history, renaissance-Italy, Italian poetry-16th century-history and criticism
942 _2lcc
_02
999 _c4888
_d4888